000 01367cab a2200373 4500
001 ABS50887
008 090401t1994 xxu||||| |||| 00| 0 eng d
035 _a(Sirsi) u93433
041 _aeng
100 _aThompson, D.
245 _aIt`s all in the soil...
260 _c1994
350 _a0
490 _aPlanning (for the Natural and Built Environment)
_v(1074) 24 June 1994, 26-27(2)
520 _aUnderlines the need for one key environmental resource to be taken on board in the process of introducing sustainable development into land use planning planning; the soil. Originators of land use policy should be clear about what is required from soil resources prior to policy development. Illustrates this by describing research carried out by the Soil Survey on a site in Bedfordshire.
650 _aACT OF EUROPEAN UNITY
650 _aCRANFIELD UNIVERSITY
650 _aECOLOGY
650 _aENGLISH NATURE
650 _aHMI INSPECTORATE OF POLLUTION
650 _aLand use
_96251
650 _aNATIONAL RIVERS AUTHORITY
650 _aPPG12
650 _aPPG7
650 _aSOIL SURVEY AND LAND RESEARCH CENTRE
650 _aSOILS
650 _aSUSTAINABLE DEVELOPMENT
690 _aENVIRONMENTAL AND LAND CONSULTANCY
690 _aLAND
700 _aPacker, C.
700 _aWatts, R.
942 _n0
948 _c04/03/1997
999 _c59213
_d59213